书目信息 |
| 题名: |
儿童语言发展
|
|
| 作者: | 福斯特-科恩 , Foster-Cohen , Pay Cattell 著 ;李行德 导读 | |
| 分册: | ||
| 出版信息: | 心理出版社 2002 |
|
| 页数: | 284页 | |
| 开本: | 23cm | |
| 丛书名: | 当代国外语言学与应用语言学文库 | |
| 单 册: | ||
| 中图分类: | H003 , G633.5 | |
| 科图分类: | ||
| 主题词: | 儿童语言--研究--英文 , 教育--各级 | |
| 电子资源: | ||
| ISBN: | 957-702-861-6 | |
| 000 | 01136oam2 2200325 450 | |
| 001 | 1573789807 | |
| 005 | 20150207105925.65 | |
| 010 | @a957-702-861-6@dTWD350.00 | |
| 100 | @a20021217d2002 kemy0chiy0110 ea | |
| 101 | 0 | @aeng@gchi |
| 105 | @ay z 001yy | |
| 200 | 1 | @a儿童语言发展@Aer tong yu yan fa zhan@fPay Cattell著@FPay Cattell zhu@g李行德导读 |
| 210 | @c心理出版社@d2002 | |
| 215 | @a284页@d23cm | |
| 225 | 2 | @a当代国外语言学与应用语言学文库 |
| 304 | @aSusan H.Foster-Cohen通译:苏珊·H.·福斯特-科恩 | |
| 305 | @a培生教育出版集团授权出版 | |
| 330 | @a本书讨论了语言发展的个人差异、儿童二语习得、较大小孩的语言发展、双语发展、语言发展与语言演变的关系等。 | |
| 461 | 0 | @12001 @a当代国外语言学与应用语言学文库 |
| 510 | 1 | @aAn Introduction to Child Language Development@zeng |
| 606 | 0 | @a儿童语言@x研究@j英文 |
| 606 | 0 | @a教育@x各级 |
| 690 | @aH003@v4 | |
| 690 | @aG633.5@v4 | |
| 701 | 1 | @a福斯特-科恩@AFu Si Te - Ke En@b苏珊·H.@4著 |
| 701 | 1 | @aFoster-Cohen@bSusan H.@4著 |
| 701 | 0 | @aPay Cattell@4著 |
| 702 | 0 | @a李行德@ALi Xing De@4导读 |
| 801 | 0 | @aCN@bNLC@c20101222 |
| 905 | @aZUCC@dG633.5@eJY6 | |
| 儿童语言发展/Pay Cattell著/李行德导读.-心理出版社,2002 |
| 284页;23cm.-(当代国外语言学与应用语言学文库) |
| ISBN 957-702-861-6:TWD350.00 |
| 本书讨论了语言发展的个人差异、儿童二语习得、较大小孩的语言发展、双语发展、语言发展与语言演变的关系等。 |
| ● |
| 相关链接 |
|
|
|
|
正题名:儿童语言发展
索取号:G633.5/JY6
 
预约/预借
| 序号 | 登录号 | 条形码 | 馆藏地/架位号 | 状态 | 备注 |
| 1 | 7864249 | 278642499 | 学院路分馆/ [索取号:G633.5/JY6] | 在馆 | |
| 2 | 7864250 | 278642505 | 学院路分馆/ [索取号:G633.5/JY6] | 在馆 |